Normal view
MARC view
Entry Personal Name
001 - CONTROL NUMBER
- control field: 13967
003 - CONTROL NUMBER IDENTIFIER
- control field: BD-RjUL
005 - DATE AND TIME OF LATEST TRANSACTION
- control field: 20241029103706.0
008 - FIXED-LENGTH DATA ELEMENTS
- fixed length control field: 241029|| aca||aabn | a|a d
040 ## - CATALOGING SOURCE
- Original cataloging agency: BD-RjUL
- Transcribing agency: BD-RjUL
100 ## - HEADING--PERSONAL NAME
- Personal name: [ ہمدانی، سید عزیز [ ترجمہ ;;; Hamdani, Syed Aziz [Translator]
670 ## - SOURCE DATA FOUND
- Source citation: Work cat.: (BD-RjUL)84183: امین الرحمن، ارون ;; Aminur Rahman, Harun 13965, جاملی ;; Jamli /, 1969